[Event "POL-chT2"]
[Site "Jastrzebia Gora POL"]
[Date "2016.09.??"]
[Round "5.16"]
[White "Raszka, Janusz"]
[Black "Miroslaw, Michal"]
[Result "0-1"]
[WhiteElo "2119"]
[BlackElo "2283"]
[EventDate "2016.09.05"]

1.e4 c6 2.d4 d5 3.Nd2 dxe4 4.Nxe4 Bf5 5.Ng3 Bg6 6.Nf3 Nd7 7.h4 h6 8.h5 Bh7
9.Bd3 Bxd3 10.Qxd3 e6 11.Bf4 Qa5+ 12.Bd2 Qc7 13.Ne4 O-O-O 14.O-O-O Ngf6 
15.Kb1 Nxe4 16.Qxe4 Nf6 17.Qe2 Rd5 18.c4 Rxh5 19.Rxh5 Nxh5 20.d5 Nf6 21.
dxe6 Bd6 22.exf7 Qxf7 23.Bxh6 Qg6+ 24.Ka1 Qxh6 25.Qe6+ Nd7 26.Qg4 Kc7 27.
Nd4 Qh5 28.Ne6+ Kc8 29.Qd4 Qe5 30.Qxe5 Bxe5 31.Kb1 Re8 32.Ng5 Bf6 33.Nh7 
Bd8 34.f4 Rh8 35.Ng5 Bxg5 36.fxg5 Rh5 37.Rd2 Rxg5 38.Kc2 Rg3 39.Kd1 Ne5 
40.b3 Rd3 41.Rxd3 Nxd3 42.Kd2 Ne5 43.Ke3 Kd7 44.Kd4 Ke6 45.b4 Nd7 46.a4 a5
0-1

[Event "POL-chT2"]
[Site "Jastrzebia Gora POL"]
[Date "2016.09.??"]
[Round "5.17"]
[White "Panas, Pawel"]
[Black "Sapeta, Robert"]
[Result "1-0"]
[WhiteElo "2100"]
[BlackElo "2082"]
[EventDate "2016.09.05"]

1.d4 c5 2.d5 e5 3.e4 d6 4.Nf3 Nf6 5.Nc3 Be7 6.Bb5+ Nbd7 7.a4 O-O 8.O-O Rb8
9.Nd2 g6 10.g3 Nh5 11.Bd3 Ndf6 12.f3 Ne8 13.Nc4 Bh3 14.Rf2 Kh8 15.Bf1 Bd7 
16.Bg2 b6 17.f4 exf4 18.gxf4 a6 19.e5 b5 20.axb5 axb5 21.Nd2 Bh4 22.Rf1 b4
23.Ne2 Bb5 24.Nf3 Bxe2 25.Qxe2 Neg7 26.Nxh4 Qxh4 27.exd6 Nf5 28.Qf2 Qf6 
29.Qxc5 Rfc8 30.Qf2 Nd4 31.c3 bxc3 32.bxc3 Rxc3 33.Bb2 Rd3 34.Rab1 Rxb2 
35.Rxb2 Qxd6 36.Be4 Qa6 37.Bxd3 Qxd3 38.Kh1 Qe4+ 39.Qg2 Qe3 40.Qf2 Qe4+ 
41.Qg2 Qe3 42.d6 Nxf4 43.d7 Nde6 44.Qf3 Qe5 45.Rd2 g5 46.d8=Q+ Kg7 47.Qd6 
Qf5 48.Rd5 Qg6 49.Rxg5 1-0

[Event "POL-chT2"]
[Site "Jastrzebia Gora POL"]
[Date "2016.09.??"]
[Round "5.18"]
[White "Mareckova, Martina"]
[Black "Toma, Katarzyna"]
[Result "0-1"]
[WhiteElo "2137"]
[BlackElo "2259"]
[EventDate "2016.09.05"]

1.e4 e5 2.Nf3 d6 3.d4 Nd7 4.Nc3 c6 5.a4 Be7 6.Bc4 Ngf6 7.O-O O-O 8.Re1 h6 
9.a5 Re8 10.d5 Nf8 11.Bb3 c5 12.Bc4 Ng6 13.a6 b6 14.Bb5 Bd7 15.Qd3 Nh5 16.
Ne2 Rf8 17.Bxd7 Qxd7 18.c4 Rae8 19.Ra3 Bd8 20.Ng3 Ngf4 21.Qf1 Kh7 22.Nxh5 
Nxh5 23.Qe2 g6 24.Qe3 Nf4 25.g3 Nh3+ 26.Kg2 Bg5 27.Nxg5+ hxg5 28.Qe2 Kg7 
29.g4 Nf4+ 30.Bxf4 exf4 31.Qf3 Rh8 32.h3 Re5 33.Qd3 Rhe8 34.Raa1 Qe7 35.f3
f5 36.Qc3 Kf7 37.gxf5 gxf5 38.Qc2 fxe4 39.Kf2 e3+ 40.Ke2 Rh8 41.Rh1 Qd7 
42.h4 g4 43.Rag1 g3 44.Qd3 Qe7 45.Rh3 Reh5 46.Rgh1 Qf6 47.Qc2 Ke7 48.Qb1 
Kd8 0-1

[Event "POL-chT2"]
[Site "Jastrzebia Gora POL"]
[Date "2016.09.??"]
[Round "5.19"]
[White "Szelag, Marcin"]
[Black "Cyborowski, Lukasz"]
[Result "1/2-1/2"]
[WhiteElo "2449"]
[BlackElo "2530"]
[EventDate "2016.09.05"]

1.e4 e5 2.Nf3 Nf6 3.Nxe5 d6 4.Nf3 Nxe4 5.d4 d5 6.Bd3 Be7 7.O-O Nc6 8.c4 
Nb4 9.Be2 Bf5 10.Nc3 O-O 11.a3 Nxc3 12.bxc3 Nc6 13.Re1 Re8 14.Bf4 dxc4 15.
Bxc4 Bd6 16.Rxe8+ Qxe8 17.Ng5 Bg6 18.Bxd6 cxd6 19.h4 Qe7 20.Qg4 h6 21.Nh3 
Qe4 22.Nf4 Ne5 23.dxe5 Qxc4 24.exd6 Qxc3 25.Rf1 Bc2 26.Qe2 Ba4 27.Qe4 Bc6 
28.Nd5 Bxd5 29.Qxd5 Qc6 30.Qd4 Rd8 31.Rd1 b6 32.d7 Qe6 33.Qc3 Kh7 34.Rd4 
Qf6 35.Qd3+ Qg6 36.Qc3 Qb1+ 37.Kh2 Qf5 38.Qd2 b5 39.Rd5 Qf6 40.g3 a6 41.
Qc2+ Qg6 42.Qc7 Qf6 43.Kg2 Qe7 44.Qc2+ Kg8 45.Qd3 b4 46.axb4 Qxb4 47.Kh2 
Qb2 48.Qe3 Qf6 49.Qe8+ Kh7 50.Kg1 Qa1+ 51.Kg2 Qf6 52.h5 Qe6 53.Qxe6 fxe6 
54.Rd6 a5 1/2-1/2

[Event "POL-chT2"]
[Site "Jastrzebia Gora POL"]
[Date "2016.09.??"]
[Round "5.20"]
[White "Nurkiewicz, Maciej"]
[Black "Przybylski, Wojciech"]
[Result "1-0"]
[WhiteElo "2373"]
[BlackElo "2364"]
[EventDate "2016.09.05"]

1.d4 d5 2.Nf3 Nf6 3.e3 c6 4.c4 e6 5.Nbd2 Nbd7 6.b3 Bd6 7.Bb2 O-O 8.Bd3 Qc7
9.O-O e5 10.cxd5 cxd5 11.Rc1 Qb8 12.dxe5 Nxe5 13.Nxe5 Bxe5 14.Bxe5 Qxe5 
15.Nf3 Qd6 16.h3 Bd7 17.Bb1 Rfe8 18.Qd4 Bc6 19.Rfd1 Qe6 20.Qh4 h6 21.Nd4 
Qd6 22.Nf5 Qe5 23.Rd4 Ne4 24.Qg4 Re6 25.Bxe4 dxe4 26.Rc5 Qf6 27.Ng3 Rae8 
28.Nh5 Qg6 29.Qd1 Re5 30.Rxe5 Rxe5 31.Rd8+ Kh7 32.Nf4 Qf6 33.Qd4 Qe7 34.
Ne2 Ra5 35.a4 Rc5 36.Ng3 a5 37.Kh2 h5 38.Ra8 h4 39.Ne2 Rd5 40.Qc4 Qe5+ 41.
g3 Qh5 42.g4 Qe5+ 43.Kg2 f5 44.g5 Qe7 45.g6+ Kh6 46.Rh8+ Kg5 47.Nf4 Re5 
48.Qf7 1-0

[Event "POL-chT2"]
[Site "Jastrzebia Gora POL"]
[Date "2016.09.??"]
[Round "5.21"]
[White "Urban, Klaudiusz"]
[Black "Protaziuk, Grzegorz"]
[Result "1-0"]
[WhiteElo "2419"]
[BlackElo "2349"]
[EventDate "2016.09.05"]

1.Nf3 Nf6 2.c4 c5 3.Nc3 Nc6 4.g3 d5 5.d4 e6 6.cxd5 Nxd5 7.Bg2 cxd4 8.Nxd4 
Nxc3 9.bxc3 Nxd4 10.Qxd4 Qxd4 11.cxd4 Bd6 12.O-O Rb8 13.e4 Bd7 14.Be3 O-O 
15.Rfc1 Rbc8 16.Rxc8 Bxc8 17.Rc1 Rd8 18.e5 Bb4 19.Rb1 a5 20.Rb3 h6 21.h4 
Rd7 22.a3 Bf8 23.Rb5 Bxa3 24.Rxa5 Bf8 25.Ra8 Rc7 26.Rb8 g6 27.Bh3 Bd7 28.
Bxh6 Rc8 29.Rxc8 Bxc8 30.Bxf8 Kxf8 31.d5 b5 32.Kf1 Ke7 33.Ke2 Bb7 34.d6+ 
Kd7 35.Kd3 Bf3 36.Kc3 f6 37.exf6 Kxd6 38.Kb4 Bc6 39.Bf1 Be8 40.Bxb5 Bf7 
41.g4 Ke5 42.g5 Ke4 43.Kc5 Ke5 44.Bd7 1-0

[Event "POL-chT2"]
[Site "Jastrzebia Gora POL"]
[Date "2016.09.??"]
[Round "5.22"]
[White "Sliwerski, Radoslaw"]
[Black "Schmidt, Wlodzimierz"]
[Result "1/2-1/2"]
[WhiteElo "2135"]
[BlackElo "2305"]
[EventDate "2016.09.05"]

1.d4 Nf6 2.c4 g6 3.g3 Bg7 4.Bg2 d5 5.cxd5 Nxd5 6.e4 Nb6 7.Ne2 c5 8.d5 e6 
9.Nec3 O-O 10.O-O Na6 11.Na3 exd5 12.exd5 Bf5 13.Be3 Qd7 14.Qd2 Rac8 15.
Rfd1 Nb4 16.Ne4 Na4 17.Nxc5 Nxc5 18.Qxb4 Nd3 19.Rxd3 Bxd3 20.Bxa7 Rfe8 21.
Be3 Ba6 22.Rd1 Be2 23.Re1 Ba6 24.Rd1 Be2 25.Re1 Ba6 1/2-1/2

[Event "POL-chT2"]
[Site "Jastrzebia Gora POL"]
[Date "2016.09.??"]
[Round "5.23"]
[White "Diczew, Filip"]
[Black "Szewczak, Anna"]
[Result "1-0"]
[WhiteElo "2139"]
[BlackElo "2083"]
[EventDate "2016.09.05"]

1.e4 c5 2.Nc3 Nc6 3.g3 g6 4.Bg2 Bg7 5.d3 d6 6.Be3 e6 7.Qd2 Rb8 8.Nf3 Nd4 
9.Nd1 Bd7 10.Nh4 b5 11.c3 Nc6 12.f4 f5 13.O-O Nge7 14.e5 dxe5 15.Bxc5 exf4
16.gxf4 O-O 17.d4 Re8 18.Nf2 Nd5 19.Nf3 b4 20.c4 Nb6 21.Rac1 a5 22.Rfd1 
Ne7 23.b3 Bc6 24.Qe3 Nec8 25.Ng5 Bxg2 26.Kxg2 Nd7 27.Nd3 Qf6 28.Ne5 Nxc5 
29.dxc5 Ne7 30.Rc2 Bh6 31.Nd7 Qg7 32.Qxe6+ Kh8 33.Nf7+ 1-0

[Event "POL-chT2"]
[Site "Jastrzebia Gora POL"]
[Date "2016.09.??"]
[Round "5.24"]
[White "Bartel, Marta"]
[Black "Warakomska, Anna"]
[Result "1/2-1/2"]
[WhiteElo "2330"]
[BlackElo "2267"]
[EventDate "2016.09.05"]

1.d4 d5 2.c4 c6 3.Nf3 Nf6 4.Qc2 dxc4 5.Qxc4 Bg4 6.Nbd2 e6 7.g3 Nbd7 8.Bg2 
Be7 9.O-O O-O 10.h3 Bh5 11.Nb3 a5 12.g4 Bg6 13.Bf4 Nd5 14.Bg3 a4 15.Nc5 
Nxc5 16.dxc5 Ra5 17.Ne5 Rxc5 18.Qxa4 Bc2 19.Qd4 f6 20.Nf3 e5 21.Qd2 Bg6 
22.Nh4 Rc2 23.Qd1 Rxb2 24.Nxg6 hxg6 25.Rb1 Rb4 26.Rxb4 Nxb4 27.Qb3+ Kh7 
28.a3 Nd5 29.Rd1 Qa8 30.Bxd5 cxd5 31.Rxd5 Qxa3 32.Qxb7 Rd8 33.Rxd8 Bxd8 
34.Kg2 g5 35.Qe4+ g6 36.f3 Kg7 37.Bf2 Qd6 38.Be3 Kf7 39.Qb7+ Be7 40.Qe4 
Qe6 41.Qb7 Qd6 42.Qe4 Qe6 43.Qb7 1/2-1/2

[Event "POL-chT2"]
[Site "Jastrzebia Gora POL"]
[Date "2016.09.??"]
[Round "5.25"]
[White "Jarmula, Lukasz"]
[Black "Skawinski, Arkadiusz"]
[Result "1/2-1/2"]
[WhiteElo "2350"]
[BlackElo "2340"]
[EventDate "2016.09.05"]

1.e4 e6 2.d4 d5 3.Nc3 Bb4 4.e5 c5 5.a3 Bxc3+ 6.bxc3 Qa5 7.Bd2 Qa4 8.Qg4 
Kf8 9.Qd1 b6 10.dxc5 Ba6 11.cxb6 axb6 12.Bd3 Nd7 13.Nf3 Nc5 14.Be3 Rc8 15.
O-O Ne7 16.Rb1 Qa5 17.Bd4 Na4 18.Bxa6 Qxa6 19.Qd3 Qa7 20.Qb5 g6 21.Bxb6 
Nxb6 22.Qxb6 Qxb6 23.Rxb6 Rxc3 24.Rb7 Nc6 25.Rc7 h6 26.Rb1 Rxc2 27.h3 Kg7 
28.Rb6 Nb4 29.Ra7 Nc6 30.Rc7 Nb4 31.Rd7 Nc6 32.a4 Ra8 33.Rd6 Na5 34.Rd7 
Nc6 35.Rbb7 Nd8 36.Rb6 Nc6 37.Rd6 Na5 38.Rd7 Nc6 39.Rc7 Nd4 40.Rd7 Nxf3+ 
41.gxf3 Rxa4 42.Rxe6 Rf4 1/2-1/2

[Event "POL-chT2"]
[Site "Jastrzebia Gora POL"]
[Date "2016.09.??"]
[Round "5.26"]
[White "Luch, Michal"]
[Black "Shkapenko, Pavel"]
[Result "1/2-1/2"]
[WhiteElo "2436"]
[BlackElo "2426"]
[EventDate "2016.09.05"]

1.e4 Nf6 2.e5 Nd5 3.d4 d6 4.Nf3 dxe5 5.Nxe5 c6 6.Be2 Bf5 7.O-O Nd7 8.Nf3 
e6 9.c4 N5f6 10.Nc3 Ne4 11.Qb3 Qc7 12.g3 Be7 13.Bf4 Qb6 14.c5 Qxb3 15.axb3
O-O 16.Rfe1 Rfe8 17.Bc4 Nef6 18.Nh4 Bg6 19.Nxg6 hxg6 20.b4 a6 21.Bf1 Nf8 
22.Be5 N8d7 23.Bf4 Nf8 24.Be5 N8d7 25.Bf4 Nf8 1/2-1/2

[Event "POL-chT2"]
[Site "Jastrzebia Gora POL"]
[Date "2016.09.??"]
[Round "5.27"]
[White "Mickiewicz, Piotr"]
[Black "Butkiewicz, Lukasz"]
[Result "0-1"]
[WhiteElo "2367"]
[BlackElo "2441"]
[EventDate "2016.09.05"]

1.e4 c5 2.Nf3 Nc6 3.g3 g6 4.Bg2 Bg7 5.O-O d6 6.c3 Nf6 7.d4 cxd4 8.cxd4 Bg4
9.Nc3 O-O 10.Be3 Qa5 11.h3 Bxf3 12.Bxf3 Rfe8 13.d5 Ne5 14.Be2 Rec8 15.Qb3 
Nfd7 16.f4 Nc5 17.Qc2 Ned7 18.a3 Bxc3 19.bxc3 Nf6 20.Bf3 Qa4 21.Qxa4 Nxa4 
22.e5 Ne8 23.Rfc1 Nxc3 24.a4 Rc4 25.Kg2 Rxa4 26.Rxa4 Nxa4 27.Bg4 Nb6 28.
Bxb6 axb6 29.Bd7 Kf8 30.g4 dxe5 31.fxe5 Rd8 32.e6 Nf6 33.Rc7 Nxd5 34.Rxb7 
fxe6 35.g5 Kf7 36.Kf3 Ra8 37.Ke4 Ra3 38.h4 Rh3 39.Rb8 Rxh4+ 40.Ke5 Nf4 41.
Be8+ Kg7 42.Bc6 Nh3 43.Kxe6 Nxg5+ 44.Kxe7 Rb4 45.Bd5 Rd4 46.Rg8+ Kh6 47.
Kd6 0-1

[Event "POL-chT2"]
[Site "Jastrzebia Gora POL"]
[Date "2016.09.??"]
[Round "5.28"]
[White "Plichta, Kamil"]
[Black "Bartel, Michal"]
[Result "1/2-1/2"]
[WhiteElo "2342"]
[BlackElo "2327"]
[EventDate "2016.09.05"]

1.d4 d5 2.c4 dxc4 3.Nf3 a6 4.e3 b5 5.a4 Bb7 6.b3 Nf6 7.axb5 axb5 8.Rxa8 
Bxa8 9.bxc4 bxc4 10.Bxc4 e6 11.O-O Be7 12.Ba3 O-O 13.Bxe7 Qxe7 14.Nbd2 c5 
15.Qa4 Nbd7 16.Qa3 Re8 17.Ra1 Bxf3 18.Nxf3 cxd4 19.Qxe7 Rxe7 20.Ra8+ Re8 
21.Rxe8+ Nxe8 22.Bb5 Nef6 23.Bxd7 Nxd7 24.Nxd4 Kf8 25.Kf1 Ke7 26.Ke2 Kd6 
27.Nb5+ Kc6 28.Nd4+ Kd6 29.Nb5+ Kc6 30.Nd4+ Kd6 31.Nb5+ Ke5 1/2-1/2

[Event "POL-chT2"]
[Site "Jastrzebia Gora POL"]
[Date "2016.09.??"]
[Round "5.29"]
[White "Czajkowski, Adam"]
[Black "Bronowicki, Mateusz"]
[Result "1/2-1/2"]
[WhiteElo "2095"]
[BlackElo "2277"]
[EventDate "2016.09.05"]

1.e4 g6 2.d4 Bg7 3.Nc3 c6 4.Nf3 d6 5.Bc4 Nf6 6.Bb3 Bg4 7.e5 Nd5 8.h3 Bxf3 
9.Qxf3 e6 10.Qg3 dxe5 11.dxe5 Nd7 12.f4 Qb6 13.Nxd5 cxd5 14.Be3 Qa5+ 15.c3
Bf8 16.O-O Bc5 17.Rad1 Bxe3+ 18.Qxe3 Qc5 19.Rd4 Nb8 20.Kf2 Nc6 21.Rd2 
Qxe3+ 22.Kxe3 b5 23.Bd1 h5 24.Be2 Rb8 25.b3 Ke7 26.c4 bxc4 27.bxc4 d4+ 28.
Ke4 Rb4 29.Rf3 Rhb8 30.Ra3 a5 31.Kd3 Rb2 32.Rxb2 Rxb2 33.Bf3 Kd7 34.Bxc6+ 
Kxc6 35.Kxd4 Rxg2 36.Rxa5 Rd2+ 37.Kc3 Rh2 38.Kb4 Rb2+ 39.Kc3 Rh2 40.Kd4 
Rd2+ 41.Ke4 Rc2 42.c5 Rc4+ 43.Ke3 Kd5 44.c6+ Kxc6 45.Ra7 Rc3+ 46.Ke4 Rxh3 
47.Rxf7 Ra3 48.Re7 Ra4+ 1/2-1/2

[Event "POL-chT2"]
[Site "Jastrzebia Gora POL"]
[Date "2016.09.??"]
[Round "5.30"]
[White "Przezdziecka, Ewa"]
[Black "Gasik, Anna"]
[Result "1/2-1/2"]
[WhiteElo "2173"]
[BlackElo "2184"]
[EventDate "2016.09.05"]

1.d4 d5 2.Nf3 Nf6 3.c4 e6 4.g3 Be7 5.Bg2 O-O 6.O-O dxc4 7.Qc2 a6 8.Qxc4 b5
9.Qc2 Bb7 10.Bd2 Be4 11.Qc1 Bb7 12.Qc2 Be4 13.Qc1 Bb7 14.Qc2 Be4 15.Qc1 
Bb7 1/2-1/2

[Event "POL-chT2"]
[Site "Jastrzebia Gora POL"]
[Date "2016.09.??"]
[Round "6.1"]
[White "Gazik, Viktor"]
[Black "Skawinski, Arkadiusz"]
[Result "0-1"]
[WhiteElo "2431"]
[BlackElo "2340"]
[EventDate "2016.09.05"]

1.d4 d5 2.Nf3 c6 3.e3 Bf5 4.Nbd2 Nf6 5.b3 Nbd7 6.Bb2 e6 7.Be2 Ne4 8.O-O 
Bd6 9.Nxe4 Bxe4 10.Nd2 Bg6 11.c4 O-O 12.Re1 a5 13.a3 Qb8 14.h4 h6 15.Bf3 
f5 16.c5 Be7 17.h5 Bf7 18.g3 e5 19.b4 e4 20.Be2 b5 21.a4 bxa4 22.Rxa4 axb4
23.Qb3 Rxa4 24.Qxa4 Qa8 25.Ra1 Qxa4 26.Rxa4 Rc8 27.Nb3 Bd8 28.Rxb4 Ra8 29.
Bc3 Nf6 30.Rb7 Bxh5 31.Bxh5 Nxh5 32.Kg2 Nf6 33.Na1 Ng4 34.Kf1 Ba5 35.Bb2 
h5 36.Nc2 Kh7 37.Ba3 Bd8 38.Bb2 Ra2 39.Rb3 Ra8 40.Rb7 Ba5 41.Ba3 Kh6 42.
Bb4 Kh7 43.Kg2 Bd8 44.Be1 Ra2 45.Nb4 Rb2 46.Nxc6 Nxe3+ 47.Kg1 Rxb7 48.Nxd8
Rb1 49.fxe3 Rxe1+ 50.Kf2 Rc1 51.Ne6 Kg8 52.Nf4 Rc2+ 53.Kf1 Kf7 54.Nxd5 g5 
55.Nb4 Rc4 56.Na6 Rc2 57.Nb4 Rc4 58.Na6 h4 59.gxh4 gxh4 60.Kg2 f4 61.exf4 
e3 0-1

[Event "POL-chT2"]
[Site "Jastrzebia Gora POL"]
[Date "2016.09.??"]
[Round "6.2"]
[White "Luch, Michal"]
[Black "Panczyk, Krzysztof"]
[Result "1/2-1/2"]
[WhiteElo "2436"]
[BlackElo "2361"]
[EventDate "2016.09.05"]

1.d4 d5 2.c4 e6 3.Nc3 Nf6 4.cxd5 exd5 5.Bg5 Be7 6.e3 O-O 7.Bd3 Nbd7 8.Qc2 
c6 9.Nge2 Re8 10.O-O Nf8 11.f3 h6 12.Bh4 Ne6 13.Rad1 Nh5 14.Bf2 Bh4 15.e4 
Bxf2+ 16.Rxf2 Qg5 17.exd5 Nef4 18.Kh1 Nxd5 19.Nxd5 Qxd5 20.Bc4 Qg5 21.d5 
Bf5 22.Qd2 cxd5 23.Qxg5 hxg5 24.Bb5 Bc2 25.Rc1 Rec8 26.Bd7 Rd8 27.Bg4 Bg6 
28.Bxh5 Bxh5 29.Nd4 Bg6 30.g4 Rac8 31.Re1 Re8 32.Rxe8+ Rxe8 33.Rd2 Re1+ 
34.Kg2 a6 35.Kf2 Ra1 36.a3 Rh1 37.Ke3 f6 38.Ne2 Rxh2 39.Rxd5 Be8 40.Rd8 
Kf7 41.Rb8 Bc6 42.Nd4 Bd5 43.Rd8 Be6 44.Rd6 Bc8 1/2-1/2

[Event "POL-chT2"]
[Site "Jastrzebia Gora POL"]
[Date "2016.09.??"]
[Round "6.3"]
[White "Sarwinski, Miroslaw"]
[Black "Butkiewicz, Lukasz"]
[Result "1/2-1/2"]
[WhiteElo "2301"]
[BlackElo "2441"]
[EventDate "2016.09.05"]

1.d4 f5 2.c4 Nf6 3.Nf3 g6 4.g3 Bg7 5.Bg2 O-O 6.O-O d6 7.Nc3 Nc6 8.d5 Na5 
9.Qd3 c5 10.Bd2 a6 11.Rab1 Bd7 12.b4 cxb4 13.Rxb4 Rc8 14.a4 Qc7 15.Rfb1 
Nxc4 16.Rxb7 Qc5 17.Be1 Na5 18.R7b4 Ng4 19.Nd1 Ne5 20.Nxe5 dxe5 21.e4 Nc4 
22.Rb7 fxe4 23.Bxe4 Bxa4 24.Bb4 Qd4 25.Rxe7 Rb8 26.Ne3 Nxe3 27.fxe3 Qxd3 
28.Bxd3 Bb5 29.Bd6 Rb6 30.Bxe5 Bxe5 31.Rxe5 Rfb8 32.Bxb5 axb5 33.Rb4 Kf7 
34.Ree4 Rd6 35.Rf4+ Rf6 36.e4 g5 37.Rg4 h6 38.e5 Rf3 39.Rge4 Rd3 40.d6 Ke6
41.Kf2 Rd5 42.Ke2 Rd8 1/2-1/2

[Event "POL-chT2"]
[Site "Jastrzebia Gora POL"]
[Date "2016.09.??"]
[Round "6.4"]
[White "Plichta, Kamil"]
[Black "Gmaj, Krzysztof"]
[Result "1/2-1/2"]
[WhiteElo "2342"]
[BlackElo "2183"]
[EventDate "2016.09.05"]

1.c4 f5 2.g3 Nf6 3.Bg2 g6 4.Nc3 Bg7 5.d3 d6 6.e4 Nc6 7.Nge2 O-O 8.O-O e5 
9.Nd5 Ne7 10.Nxf6+ Bxf6 11.Bh6 Rf7 12.Qd2 c6 13.d4 exd4 14.Nxd4 fxe4 15.
Bxe4 d5 16.cxd5 Nxd5 17.Rfe1 Bh3 18.Rad1 Rd7 19.Qc2 Ne7 20.Qb3+ Kh8 21.Nf3
Qb6 22.Qc4 Rxd1 23.Rxd1 Rd8 24.Rxd8+ Qxd8 25.Qe2 Nf5 26.Bc1 Nd4 27.Qd3 
Nxf3+ 28.Qxf3 Be6 29.b3 a6 30.h4 Bd5 31.Kh2 Bxe4 32.Qxe4 Qd4 33.Qe8+ Kg7 
34.Be3 Qe5 35.Qc8 Qe7 36.Qg4 Qe5 37.Qc8 Qe7 38.Bb6 Be5 39.Kg2 h5 40.Be3 
Qc7 41.Qe8 Bf6 42.Qe4 Qe5 43.Qb4 Qd5+ 44.Kh2 Qd7 45.Qf4 Kf7 46.Kg2 Qd5+ 
47.f3 Qe5 48.Qc4+ Kg7 49.Bf2 Qb2 50.a4 Qd2 51.Qe6 Qd5 52.Qe3 c5 53.Qxc5 
Qxb3 54.a5 Qb2 55.Qd5 Qb5 56.Qd2 Qb2 57.Qd7+ Kg8 58.Qc8+ Kg7 59.Qd7+ Kg8 
60.Qc8+ 1/2-1/2

[Event "POL-chT2"]
[Site "Jastrzebia Gora POL"]
[Date "2016.09.??"]
[Round "6.5"]
[White "Morkisz, Bogdan"]
[Black "Bronowicki, Mateusz"]
[Result "1-0"]
[WhiteElo "2048"]
[BlackElo "2277"]
[EventDate "2016.09.05"]

1.e4 Nf6 2.Nc3 d5 3.exd5 Nxd5 4.Bc4 Nxc3 5.Qf3 e6 6.dxc3 Qf6 7.Qe2 Bd7 8.
Nf3 h6 9.Be3 Nc6 10.O-O-O a6 11.Rhe1 Bd6 12.g3 Qe7 13.Nd2 Ne5 14.Bb3 O-O-O
15.f4 Nc6 16.Ne4 Na5 17.Nxd6+ cxd6 18.Bb6 Nxb3+ 19.axb3 Rde8 20.Qd2 d5 21.
Qd4 Qd6 22.c4 f6 23.c5 Qc6 24.c4 dxc4 25.Qxc4 e5 26.Rd6 Qb5 27.Qf7 Rhf8 
28.Qxg7 Rg8 29.Qxf6 exf4 30.Red1 fxg3 31.Rxd7 1-0

[Event "POL-chT2"]
[Site "Jastrzebia Gora POL"]
[Date "2016.09.??"]
[Round "6.6"]
[White "Przezdziecka, Ewa"]
[Black "Gazikova, Veronika"]
[Result "1-0"]
[WhiteElo "2173"]
[BlackElo "2231"]
[EventDate "2016.09.05"]

1.d4 Nf6 2.Nf3 g6 3.g3 Bg7 4.Bg2 d6 5.O-O O-O 6.a4 Nbd7 7.a5 a6 8.Nc3 e5 
9.e4 exd4 10.Nxd4 Re8 11.Re1 Nc5 12.h3 Re7 13.Bg5 h6 14.Bxf6 Bxf6 15.Nd5 
Re8 16.Nxf6+ Qxf6 17.b4 Ne6 18.Nxe6 Bxe6 19.Qd2 Kg7 20.e5 dxe5 21.Bxb7 
Bxh3 22.Bxa8 Rxa8 23.Qd5 Re8 24.Ra3 h5 25.c4 c6 26.Qc5 e4 27.b5 cxb5 28.
cxb5 axb5 29.Qxb5 Rc8 30.Qe2 Re8 31.a6 Qc6 32.Qe3 Kh7 33.a7 Bg4 34.Rc1 Qd5
35.Qc5 Qd2 36.a8=Q Rxa8 37.Rxa8 e3 38.Qxe3 Qd5 39.Re8 1-0

[Event "POL-chT2"]
[Site "Jastrzebia Gora POL"]
[Date "2016.09.??"]
[Round "6.7"]
[White "Cyborowski, Lukasz"]
[Black "Jarmula, Lukasz"]
[Result "1-0"]
[WhiteElo "2530"]
[BlackElo "2350"]
[EventDate "2016.09.05"]

1.c4 Nf6 2.Nc3 g6 3.e4 d6 4.d4 Bg7 5.f3 O-O 6.Be3 c5 7.d5 e6 8.Qd2 exd5 9.
cxd5 Re8 10.Nge2 a6 11.a4 Nbd7 12.Ng3 h5 13.Be2 Nh7 14.O-O h4 15.Nh1 f5 
16.Nf2 Ne5 17.Kh1 Bd7 18.a5 b5 19.axb6 Qxb6 20.Ra2 a5 21.Rfa1 Reb8 22.Qc2 
Rf8 23.f4 Ng4 24.Nxg4 fxg4 25.Bd3 Bd4 26.Bxd4 cxd4 27.Ne2 Rfc8 28.Qd2 Rab8
29.e5 Be8 30.Rxa5 Qxb2 31.Qe1 Qb4 32.Qxh4 Qd2 33.Ra7 Nf8 34.Qf6 Nd7 35.
Rxd7 Bxd7 36.Qxg6+ Kf8 37.Qf6+ Kg8 38.Qg6+ Kf8 39.Qxd6+ Kg8 40.Qg6+ Kf8 
41.e6 Be8 42.Qf6+ Kg8 43.Qg5+ Kf8 44.e7+ 1-0

[Event "POL-chT2"]
[Site "Jastrzebia Gora POL"]
[Date "2016.09.??"]
[Round "6.8"]
[White "Shkapenko, Pavel"]
[Black "Nurkiewicz, Maciej"]
[Result "1/2-1/2"]
[WhiteElo "2426"]
[BlackElo "2373"]
[EventDate "2016.09.05"]

1.e4 c5 2.c3 d5 3.exd5 Qxd5 4.Nf3 Nc6 5.d4 Bg4 6.Be2 cxd4 7.cxd4 e6 8.O-O 
Nf6 9.h3 Bh5 10.Nc3 Qa5 11.Be3 Be7 12.Qb3 Qb4 13.g4 Bg6 14.Ne5 O-O 15.g5 
Qxb3 16.axb3 Nd5 17.Nxd5 exd5 18.Rfc1 Nxe5 19.dxe5 d4 20.Bxd4 Bxg5 21.Rc7 
Be4 22.e6 Bd8 23.Rxf7 Rxf7 24.exf7+ Kxf7 25.Bc4+ Kg6 26.Re1 Bc6 27.Bd3+ 
Kf7 28.Bc4+ Kg6 29.Bd3+ Kf7 30.Bc4+ Kg6 31.Bd3+ Kf7 32.Bc4+ Kg6 1/2-1/2

[Event "POL-chT2"]
[Site "Jastrzebia Gora POL"]
[Date "2016.09.??"]
[Round "6.9"]
[White "Szymanski, Marcin"]
[Black "Mickiewicz, Piotr"]
[Result "0-1"]
[WhiteElo "2398"]
[BlackElo "2367"]
[EventDate "2016.09.05"]

1.d4 Nf6 2.c4 g6 3.Nc3 Bg7 4.e4 O-O 5.Nf3 d6 6.Be2 c5 7.d5 e6 8.O-O exd5 
9.exd5 Re8 10.h3 Bf5 11.Bd3 Ne4 12.Nxe4 Bxe4 13.Bxe4 Rxe4 14.Qc2 Re8 15.
Bd2 Nd7 16.Rae1 Ne5 17.Nxe5 Bxe5 18.Re3 Qd7 19.Rfe1 Bd4 20.Rxe8+ Rxe8 21.
Rxe8+ Qxe8 22.Bc3 Qe5 23.Bxd4 Qe1+ 24.Kh2 cxd4 25.Kg3 b5 26.Qd3 Qe5+ 27.
Kf3 bxc4 28.Qxc4 Qf5+ 29.Ke2 Qe4+ 30.Kd2 h5 31.g3 h4 32.gxh4 Qxh4 33.Ke2 
Qe4+ 34.Kd2 Kg7 35.Qb3 Kf6 36.Qa3 Qf4+ 37.Ke2 Qe5+ 38.Kd2 Qg5+ 39.Ke2 Qxd5
40.Qxa7 Qb5+ 41.Kf3 Qd3+ 42.Kg2 Qe4+ 43.f3 Qe2+ 44.Kg3 d3 45.Qf2 Qc2 46.
Qd4+ Ke7 47.Qa7+ Kf8 48.Qb8+ Kg7 49.Qxd6 d2 50.Qe5+ Kh7 51.Qd5 Kg7 52.Qe5+
Kf8 53.Qb8+ Ke7 54.Qe5+ Kd7 55.Qd5+ Kc8 56.Qa8+ Kc7 57.Qa5+ Kd6 58.Qd8+ 
Ke6 59.Qe8+ Kf6 60.f4 Qd3+ 61.Kh4 Kg7 62.Qe5+ Kh7 0-1

[Event "POL-chT2"]
[Site "Jastrzebia Gora POL"]
[Date "2016.09.??"]
[Round "6.10"]
[White "Bartel, Michal"]
[Black "Protaziuk, Grzegorz"]
[Result "1/2-1/2"]
[WhiteElo "2327"]
[BlackElo "2349"]
[EventDate "2016.09.05"]

1.e4 c5 2.Nf3 e6 3.g3 Nc6 4.Bg2 g6 5.d4 cxd4 6.Nxd4 e5 7.Nb5 d6 8.c4 Be6 
9.b3 a6 10.N5c3 Nd4 11.Be3 Bg7 12.O-O Ne7 13.Nd5 Rc8 14.Nbc3 Bxd5 15.Nxd5 
Nxd5 16.exd5 O-O 17.Bh3 Rc7 18.Re1 Qf6 19.Bxd4 exd4 20.Qd3 Re7 21.Re4 Rfe8
22.Rae1 b6 23.Kf1 Rxe4 24.Rxe4 Rxe4 25.Qxe4 Qe5 26.Qxe5 Bxe5 27.Ke2 a5 28.
Kd3 Kf8 29.Bd7 Ke7 30.Bc6 Bg7 31.Ke4 Bh8 32.Bb5 Bg7 33.Bc6 Bh8 34.Bb5 Bg7 
35.Bc6 Bh8 36.Bb5 Bg7 37.Bc6 1/2-1/2

[Event "POL-chT2"]
[Site "Jastrzebia Gora POL"]
[Date "2016.09.??"]
[Round "6.11"]
[White "Sliwerski, Radoslaw"]
[Black "Czajkowski, Adam"]
[Result "1-0"]
[WhiteElo "2135"]
[BlackElo "2095"]
[EventDate "2016.09.05"]

1.d4 Nf6 2.Nf3 g6 3.g3 Bg7 4.Bg2 O-O 5.O-O d6 6.c4 Nbd7 7.Nc3 e5 8.e4 exd4
9.Nxd4 Re8 10.h3 a6 11.Rb1 Rb8 12.Bf4 Ne5 13.Bxe5 Rxe5 14.f4 Re8 15.Qd3 c6
16.Kh2 Qc7 17.Rbd1 Nd7 18.Rfe1 Nc5 19.Qd2 a5 20.b3 Bd7 21.Nde2 Bf8 22.Nd4 
Rbd8 23.Qc2 Bg7 24.Re2 Re7 25.Ndb5 Qb8 26.Nxd6 Bxh3 27.Bxh3 Rxd6 28.Rxd6 
Qxd6 29.e5 Qc7 30.Qd1 f6 31.Qd4 Nd7 32.Qd6 Qxd6 33.exd6 Rxe2+ 34.Nxe2 f5 
35.g4 Bf8 36.gxf5 Bxd6 37.fxg6 Nc5 38.gxh7+ Kxh7 39.Kg2 a4 40.bxa4 Nxa4 
41.Kf3 Nb2 42.Bc8 b6 43.Bd7 Nxc4 44.Bxc6 Kg6 45.Ke4 Bc5 46.Kd5 Na5 47.Bd7 
Nb7 48.Nc3 Kf7 49.Ne4 Be3 50.Be6+ Kf8 51.f5 Nc5 52.Nd6 Ke7 53.Nc4 Bf2 54.
Ne5 Bg1 55.Bc8 Na4 56.Kc6 Nc3 57.Be6 Ne2 58.Kb7 Nd4 59.Bc8 Nb5 60.Ng4 Nd6+
61.Kc7 Ne8+ 62.Kc6 Bd4 63.a4 Nf6 64.Nh2 Ne8 65.Nf3 Be3 66.Ne5 Nf6 67.Nc4 
Ng4 68.f6+ 1-0

[Event "POL-chT2"]
[Site "Jastrzebia Gora POL"]
[Date "2016.09.??"]
[Round "6.12"]
[White "Sosnowska, Elzbieta"]
[Black "Bartel, Marta"]
[Result "1/2-1/2"]
[WhiteElo "1862"]
[BlackElo "2330"]
[EventDate "2016.09.05"]

1.e4 d6 2.d4 Nf6 3.Nc3 e5 4.dxe5 dxe5 5.Qxd8+ Kxd8 6.Bg5 Be6 7.O-O-O+ Nd7 
8.f4 exf4 9.e5 h6 10.Bxf4 Ng4 11.Rd2 g5 12.Bg3 Bc5 13.h3 Ne3 14.Bd3 Nc4 
15.Re2 a5 16.Nf3 Kc8 17.Ne4 Bb6 18.Rhe1 a4 19.c3 Rd8 20.Bc2 Ra5 21.a3 Nb8 
22.Ned2 Nd7 23.Nxc4 Bxc4 24.Rd2 Be6 25.Nd4 Bxd4 26.cxd4 Nb6 27.Be4 c6 28.
Bf2 Rb5 29.g4 Kc7 30.Rc2 Rb3 31.Bg2 Bd5 32.Bf1 Kd7 33.Re3 Ke6 34.Rcc3 Rh8 
35.Bd3 Ke7 36.Bf5 Rb5 37.h4 Rg8 38.hxg5 hxg5 39.Rh3 Be6 40.Rh7 Nd5 41.Rg3 
Nf4 42.Kc2 Rd5 43.Rf3 c5 44.Be4 cxd4 45.Rxf4 gxf4 46.Bh4+ Kd7 47.Bxd5 Bxd5
48.Kd3 Rxg4 49.Kxd4 Be6 50.Ke4 Rg2 51.Kxf4 Rxb2 52.Be1 Kc6 53.Bb4 Rxb4+ 
54.axb4 a3 55.Rh8 Kb5 56.Ke3 Kxb4 57.Kd2 a2 58.Ra8 b5 59.Kc2 Kc5 60.Kb2 b4
61.Rd8 Bd5 62.Rh8 Bc4 63.Rd8 Bd5 64.Rh8 b3 65.Rh4 Bc4 66.Rf4 Be6 67.Rf1 
Kd4 68.Re1 Bc4 69.Rc1 Bd5 70.Re1 Be6 71.Re2 Kd3 72.Re1 Kd2 73.Re4 Kd1 74.
Re3 Kd2 75.Re4 Kd3 76.Re1 Bd5 77.Rd1+ Ke4 78.Re1+ Kf4 79.Re2 Be4 80.Re1 
Bd5 81.Re2 Kf3 82.Re1 Be6 83.Rc1 Ke2 84.Rg1 Kd2 85.Rf1 Bd5 86.Rg1 Ke3 87.
Rc1 Kd4 88.Re1 Bc4 89.Rc1 Kd5 90.Re1 Kd4 91.Rc1 Be6 92.Re1 Bd5 93.Re2 Be4 
94.Re1 Bc2 95.e6 fxe6 96.Rxe6 Kd5 1/2-1/2